000 00389nam a22001217a 4500
999 _c10148
_d10148
003 OSt
008 201203b ||||| |||| 00| 0 eng d
245 _aI - Manager Journal of Communication Engineering and System
250 _a2014(May-Jul Vol.3 No.3, Aug-Oct Vol.3 No.4)
260 _aKanyakumari, Tamil Nadu
_bI Manager Publications
650 _aInformation Technology
942 _2ddc
_cBV